50th Zomi namni golden jubilee souvenir: 1948-1998 (Record no. 8941)

MARC details
000 -LEADER
fixed length control field 00355nam a22001337a 4500
003 - CONTROL NUMBER IDENTIFIER
control field GBCCL
005 - DATE AND TIME OF LATEST TRANSACTION
control field 20241126110702.0
008 - FIXED-LENGTH DATA ELEMENTS--GENERAL INFORMATION
fixed length control field 220203b ||||| |||| 00| 0 eng d
040 ## - CATALOGING SOURCE
Transcribing agency gbc
082 ## - DEWEY DECIMAL CLASSIFICATION NUMBER
Classification number SOU ZOM
Item number 1998
245 ## - TITLE STATEMENT
Title 50th Zomi namni golden jubilee souvenir: 1948-1998
260 ## - PUBLICATION, DISTRIBUTION, ETC.
Place of publication, distribution, etc. Lamka:
Name of publisher, distributor, etc. Evening post publication ,
Date of publication, distribution, etc. 1998
942 ## - ADDED ENTRY ELEMENTS (KOHA)
Source of classification or shelving scheme Dewey Decimal Classification
Koha item type Archives
Holdings
Withdrawn status Lost status Source of classification or shelving scheme Damaged status Not for loan Home library Current Library Shelving location Date acquired Total checkouts Full call number Barcode Date last seen Copy number Price effective from Koha item type
    Dewey Decimal Classification     GRACE BIBLE COLLEGE GRACE BIBLE COLLEGE Archives 2022-02-03   SOU ZOM 1998 004790 2025-05-01 c.1 2022-02-03 Archives
© Grace Bible College Library 2025